| 000 | 00721nam a2200265Ia 4500 | ||
|---|---|---|---|
| 003 | OSt | ||
| 005 | 20220912145036.0 | ||
| 006 | a|||||r|||| 00| 0 | ||
| 007 | ta | ||
| 008 | 220909b |||||||| |||| 00| 0 eng d | ||
| 024 | _a71172 | ||
| 037 | _cTextual | ||
| 040 |
_aCSL _beng _cCSL |
||
| 041 | _aeng | ||
| 082 | _aG:f3, K31 | ||
| 100 | _aNorman Richard W Van | ||
| 245 | 0 | _aExperimental biology | |
| 260 |
_aEnglewood _bCliffs Prentice Hall _c1963 |
||
| 300 |
_axi, 243p. _ccm. |
||
| 490 | _aPrentice Hall biological science series | ||
| 500 | _aBibliography 232-233p. | ||
| 650 | _aBiological research | ||
| 942 |
_hG:f3, K31 _cTEXL _2CC |
||
| 999 |
_c21631 _d21631 |
||